000 00276nam a2200109Ia 4500
005 20251222144915.0
008 251222s9999||||xx |||||||||||||| ||spa||
082 _a263.1/G34
100 _aGea Escolano, José
245 0 _aVenid Conmigo....Encuentros con Jesús:
942 _cLIB
999 _c22489
_d22489